Представление документа в формате MARC21

Поле Инд. ПП Название Значение
Тип записи a
Библиографический уровень b
001 Контрольный номер RU/IS/BASE/354899514
005 Дата корректировки 20240403144210.1
008 Кодируемые данные 20110331
040 b Код языка каталог. rus
e Правила каталог. PSBO
041 0_ a Код языка текста rus
084 a Индекс другой классификации/Индекс ББК 60.025.22; 60.027.6
100 1_ a Автор Тутов Л. А.
245 10 a Заглавие Труд как основополагающий феномен жизни в философии хозяйства
504 a Библиография Библиогр. ссылки и примеч.
520 a Аннотация Рассматриваются различные подходы к трактовке труда в западной и русской философской мысли, понимание их с учетом религиозно-этических ценностных установок. С позиций общефилософского осмысления труда как основополагающего фактора жизни исследуется содержание понятия "жизнь", оговаривается исключение применения слова "труд" к деятельности животных, рассматриваются взаимоотношения свободы и необходимости относительно к сфере трудовых отношений, культуры и природе. Автор говорит о развитии деятельностного подхода, "преодолении ряда ограничений и предрассудков, с ним связанных", применительно к хозяйству
650 a Основная рубрика социальная философия
a Основная рубрика философия
653 a Ключевые слова деятельностный подход
a Ключевые слова жизнь
a Ключевые слова необходимость
a Ключевые слова свобода
a Ключевые слова свобода выбора
a Ключевые слова труд
a Ключевые слова трудовые отношения
a Ключевые слова философия хозяйства
a Ключевые слова человеческая жизнь
773 08 t Заглавие источника Вестник Московского университета. Серия 7, Философия
d Дата издания источника 2005
g Прочая информация № 2. - С. 38 - 56
w Контрольный № источника RU/IS/BASE/169218947
901 t Тип документа b